Sân khấu Thành phố Hồ Chí Minh một chặng đường chuyên nghiệp /
Spremljeno u:
| Glavni autor: | |
|---|---|
| Format: | Članak |
| Jezik: | Vietnamese |
| Teme: | |
| Oznake: |
Dodaj oznaku
Bez oznaka, Budi prvi tko označuje ovaj zapis!
|
| Thư viện lưu trữ: | Thư viện Trường Đại học Đà Lạt |
|---|
| LEADER | 00809nam a2200265 4500 | ||
|---|---|---|---|
| 001 | DLU170182385 | ||
| 005 | ##20171207 | ||
| 040 | # | # | |a DLU |b vie |
| 041 | # | # | |a vie |
| 044 | # | # | |a vn |
| 100 | # | # | |a Trần Minh Ngọc. |
| 245 | # | # | |a Sân khấu Thành phố Hồ Chí Minh một chặng đường chuyên nghiệp / |c Trần Minh Ngọc. |
| 653 | # | # | |a Cải lương |
| 653 | # | # | |a Kịch nói |
| 653 | # | # | |a Sân khấu |
| 653 | # | # | |a Tp. Hồ Chí Minh |
| 773 | # | # | |t Tạp chí Lý luận, phê bình văn học, nghệ thuật |g Số 8, 2013, tr. 25-28 |
| 920 | # | # | |a Phòng Tạp chí --Trung tâm Thông tin - Thư viện Trường Đại học Đà Lạt |
| 900 | # | # | |a True |
| 911 | # | # | |a Lê Thị Hồng |
| 925 | # | # | |a G |
| 926 | # | # | |a A |
| 927 | # | # | |a BB |
| 980 | # | # | |a Thư viện Trường Đại học Đà Lạt |